000 02757cam a22005294i 4500
003 PE-LiUPU
005 20250731172801.0
008 150706s2010 sp r 000 0 spa d
020 _a9788430112135
035 _a(Sirsi) i9788430112135
040 _aPE-LiUPU
_bspa
_cPE-LiUPU
_erda
049 _aPRUA
082 0 4 _a226.2
_bL98
_221
100 1 _aLuz, Ulrich,
_eautor.
245 1 3 _aEl evangelio según san Mateo :
_bMt 1-7 /
_cLuz Ulrich.
250 _a3a rev. aum.
264 1 _aSalamanca :
_bEdiciones Sígueme,
_c2010.
300 _a670 páginas ;
_c22 centímetros.
336 _atext
_2rdacontent
337 _aunmediated
_2rdamedia
338 _avolume
_2rdacarrier
490 0 _aBiblioteca de Estudios Bíblicos
505 0 _aArticulación y carácter literario de la historia de Jesús Según Mateo -- Género literario e interpretación del evangelio -- Las fuentes -- El estilo -- La relación del evangelista con sus fuentes -- La situación histórica del evangelio de Mateo -- El texto -- Intención de este comentario y la importancia hermenéutica de la historia de la influencia -- Comentario -- Preludio( 1, 2-4, 22) -- La actividad de Jesús en Israel con palabras y obras (4, 23-11,30).
526 _aSEG42
526 _aSEG41
526 _aSEG40
526 _aSEG39
526 _aP94
526 _aP87
526 _aP86
526 _aP85
526 _aP77
526 _aP76
526 _aP35
541 _g006-0041988;
630 _aBIBLIA.
_pN.T.
_pMateo
_xComentarios.
910 _agl
_bjv
_cng
_d20120410
942 _2ddc
_cBOOK
949 _a226.2 L58 1
_wDEWEY
_c1
_i59226
_d2016-6-2
_e2016-5-29
_lCCODEBUL1
_mBUL
_n1
_r0
_sY
_tBOOK
_u2015-6-17
_xTEOLOGIA
_PP35
_0COMPRA
_o.STAFF. Colección Teología
949 _a226.2 L58
_wDEWEY
_c2
_i36115
_d2016-5-18
_e2016-5-15
_lCCODEBUL1
_mBUL
_n1
_r0
_sY
_tBOOK
_u2015-6-17
_xTEOLOGIA
_PP35
_0COMPRA
_o.STAFF. Colección Teología
949 _a226.2 L98 1
_wDEWEY
_c1
_i64453
_d2016-9-25
_e2016-9-25
_lCCODEBUL1
_mBUL
_n1
_p68.00
_r0
_sY
_tBOOK
_u2015-7-6
_xTEOLOGIA
_PP35
_0COMPRA
_o.STAFF. Colección Teología
994 _aC0
_bPEPRU
596 _a1
999 _a226.2 L58 1
_wDEWEY
_c3407
_i59226
_d3407
_e2016-5-29
_f2021-11-9
_g5
_lCCODEBUL1
_mBUL
_n1
_p68.00
_q3
_r0
_sY
_tBOOK
_u2015-6-17
_xTEOLOGIA
_PP35
_0COMPRA
_o.STAFF. Colección Teología
999 _a226.2 L58
_wDEWEY
_c2
_i36115
_d2018-6-12
_e2016-5-15
_f2021-11-9
_g5
_lCCODEBUL1
_mBUL
_n1
_p68.00
_q1
_r0
_sY
_tBOOK
_u2015-6-17
_xTEOLOGIA
_PP35
_0COMPRA
_o.STAFF. Colección Teología
999 _a226.2 L98 1
_wDEWEY
_c1
_i64453
_d2016-9-25
_e2016-9-25
_f2021-11-9
_g5
_lCCODEBUL1
_mBUL
_n1
_p68.00
_r0
_sY
_tBOOK
_u2015-7-6
_xTEOLOGIA
_PP35
_0COMPRA
_o.STAFF. Colección Teología
980 _81
_gALBERTO SANCHEZ Responsable de Automatización